La niña en la palomera
I tiakina i:
| Kaituhi matua: | |
|---|---|
| Hōputu: | Pukapuka |
| Reo: | Pāniora |
| I whakaputaina: |
Santiago
Ercilla
1970
|
| Rangatū: | Colección Cuadernos de Teatro, 7
|
| Ngā marau: | |
| Ngā Tūtohu: |
Tāpirihia he Tūtohu
Kāore He Tūtohu, Me noho koe te mea tuatahi ki te tūtohu i tēnei pūkete!
|
MARC
| LEADER | 00000nam a2200000 a 4500 | ||
|---|---|---|---|
| 001 | UCQ6653 | ||
| 003 | CL-VaPUC | ||
| 008 | 981016e19700000CL |||||||||||||||||spa|d | ||
| 082 | 0 | 4 | |a Ch862 |b CUA |2 21 |
| 100 | 0 | |a Cuadra, Fernando |e author |9 420515 | |
| 245 | 1 | 3 | |a La niña en la palomera |
| 300 | |a 129 p | ||
| 942 | |c BK | ||
| 945 | |d 19981016 00:00:00 |a lriquelm | ||
| 260 | |a Santiago |b Ercilla |c 1970 | ||
| 650 | 0 | |a Literatura chilena |9 308278 | |
| 650 | 0 | |a Teatro chileno |9 266701 | |
| 583 | |a last modification |c 19981016 00:00:00 |k Rodrigo Vera | ||
| 490 | 0 | |a Colección Cuadernos de Teatro, 7 | |
| 999 | |c 276600 |d 276598 | ||
| 952 | |0 0 |1 0 |4 0 |6 CH_862_000000000000000_CUA_1970 |7 0 |8 A |9 313904 |a BIBEDU |b BIBEDU |d 2019-11-20 |i 1485199 |o Ch862 CUA 1970 |p 1485199 |r 2019-11-20 |w 2019-11-20 |y BK |k LIT | ||